Historias de lectura: trayectorias de vida y de lectura

Guardat en:
Dades bibliogràfiques
Autor principal: Peroni, Michel (Autor)
Format: Llibre
Idioma:espanyol
Publicat: Ciudad de México Fondo de Cultura Económica 2003
Edició:1a. ed
Col·lecció:Espacios para la Lectura
Matèries:
Etiquetes: Afegir etiqueta
Sense etiquetes, Sigues el primer a etiquetar aquest registre!

MARC

LEADER 00000nam a2200000 a 4500
001 UCG6422
003 CL-VaPUC
008 110421e20030000MX |||||||||||||||||spa|d
020 |a 9681663845 
082 0 4 |a 306.488  |b PER  |2 21 
100 0 |a Peroni, Michel  |e author  |9 556636 
245 1 0 |a Historias de lectura: trayectorias de vida y de lectura 
250 |a 1a. ed 
300 |a 171 p 
942 |c BK 
945 |d 20110421 00:00:00  |a jcampos 
260 |a Ciudad de México  |b Fondo de Cultura Económica  |c 2003 
650 0 |a Sociología   |9 255410 
650 0 |a Lectura  |9 307634 
650 0 |a Historias de vida  |9 556637 
650 7 |a PRACTICAS DE LECTURA  |2 CL-VaPUC  |9 556638 
583 |a last modification  |c 20110421 00:00:00  |k Rodrigo Vera 
490 0 |a Espacios para la Lectura 
999 |c 344670  |d 344668 
952 |0 0  |1 0  |4 0  |6 306_488000000000000_PER_2003  |7 0  |8 A  |9 442791  |a BIBEDU  |b BIBEDU  |d 2019-11-22  |i 4743598  |l 4  |m 1  |o 306.488 PER 2003  |p 4743598  |r 2022-04-20  |s 2022-04-12  |w 2019-11-22  |y BK  |k EPE